| 000 | 00423nam a22001217a 4500 | ||
|---|---|---|---|
| 008 | 230619b xxu||||| |||| 00| 0 eng d | ||
| 082 |
_a305.42 _bUN |
||
| 100 | _cUN | ||
| 245 |
_aReport of the committee on the Elimination of Discrimination Against Women _bFifteenth Session _cGeneral Assembly official records. Fifty-firstsession _hsupplement No.38(A/51/38) |
||
| 260 |
_aNew York _bUN _c1996 |
||
| 300 | _a74p | ||
| 942 |
_2ddc _cBK |
||
| 999 |
_c1394 _d1394 |
||